000 00518nam a2200181Ia 4500
008 090124s9999 xx 000 0 und d
082 _b31115
100 _aनेने मधु
245 _a सहासष्ट कविता
250 _a0
260 _bकौशिक एम. के.
300 _a68
600 _aनेने मधु
630 _a सहासष्ट कविता
700 _aनेने मधु
730 _a सहासष्ट कविता
942 _cBOOK
999 _c97197
_d97197